000 00977nam a2200217 i 4500
001 128067
003 ES-MaACL
005 20230906193143.0
007 t|
008 070214s1960 sp r ||||1| spa d
100 1 _aBrun, Jerónimo.
_932141
245 1 0 _aLevantamiento de dos galeras de la escuadra de Yussuf Bey, piloto real del Gran Turco, con muerte de 340 turcos y liberación de 430 cristianos
_b: año de MDXC /
_creimpresión del original redactado por G. Brun ; versión al inglés de C. V. Malfatti.
260 _aBarcelona :
_b[s. n.],
_c1960 (
_fSociedad Alianza de Artes Gráficas)
300 _a22 p. :
_bil. ;
_c26 cm.
534 _pReimp. de la ed. de:
_cEn Çaragoça : Lorenzo de Robles, 1590.
594 _aIncluye versión al inglés de C.V. Malfatti. Transcripción de documentos contemporáneos.
650 4 _aPiratas-
_zMediterráneo (Región)
_9219447
700 1 _aMalfatti, Cesare.
_975761
852 4 _aES-MaACL
_jC-18917
999 _c128067
_d128067